000 00382nam a2200157Ia 4500
008 221030s9999 xx 000 0 und d
020 _a8120308840
041 _aEnglish
082 _a105.23
_bKru
100 _aR. L. Kruse
245 0 _aData Structures & Program Design
_cby R. L. Kruse
260 _bPHI
_aNew Delhi
_c1999
300 _a689
650 _aBE Computer
942 _cBK
999 _c2551
_d2551